000 00877nam a22002417a 4500
003 UA-OsUOA
001 51514
007 ta
008 20140910b un ||||| |||| 00| 0 ukr d
100 _aОрос О.
090 _a655
_bО-69
942 _cBK
040 _aUA-OsUOA
_bukr
_cUA-OsUOA
_dUA-OsUOA
245 _aЗапочаткування слов'янського книгодрукування при Грушівському монастирі
300 _a92 с.
955 _a1
041 _aukr
080 _a655
260 _aУжгород
_c1995
650 7 _a655 Поліграфічна промисловість. Поліграфічні підприємства. Видавництва. Книжкова торгівля
_2UDC
999 _c431640
_d431640